| 000 | 00935pam a2200265 i 4500 | ||
|---|---|---|---|
| 008 | |||
| 020 | _a0444854460 (pbk.) | ||
| 049 | _aMAIN | ||
| 090 |
_aQB843.N4 _bPHY |
||
| 111 | _aInternational School of Physics "Enrico Fermi". | ||
| 245 | 1 | 0 |
_aPhysics and astrophysics of neutron stars and black holes / _cedited by R. Giaconni and R. Ruffini. |
| 260 |
_aAmsterdam : _bNorth-Holland Pub. Co., _c1978. |
||
| 300 |
_axxv, 871 p. : _bill. ; _c25 cm. |
||
| 440 | _aProceedings of the International School of Physics "Enrico Fermi" ; course 65. | ||
| 504 | _aIncludes bibliographical references. | ||
| 650 | 0 |
_aNeutron stars _xCongresses. |
|
| 650 | 0 |
_aBlack holes (Astronomy) _xCongresses. |
|
| 700 | 1 | _aGiaconni, R. | |
| 700 | 1 | _aRuffini, Remo. | |
| 907 |
_a.b10247981 _b21-03-13 _c05-07-07 |
||
| 003 | |||
| 005 | 20230123134458.0 | ||
| 040 | _cNUST | ||
| 942 |
_cBOOKS _kQB843.N4 _mPHY |
||
| 999 |
_c166629 _d166629 |
||